Online Catalogue and eLibrary

Thiru Vi.Ka.panmuga aaivu (Record no. 4164)

MARC details
000 -LEADER
fixed length control field 00461nam a2200157Ia 4500
005 - DATE AND TIME OF LATEST TRANSACTION
control field 20250311070142.0
008 - FIXED-LENGTH DATA ELEMENTS--GENERAL INFORMATION
fixed length control field 240331s9999 xx 000 0 und d
082 ## - DDC Classification
Class No. 894
Item Number - Author Mark THR
100 ## - MAIN ENTRY--PERSONAL NAME
Personal name Balasubramaniam, P
245 #0 - TITLE STATEMENT
Title Thiru Vi.Ka.panmuga aaivu
250 ## - EDITION STATEMENT
Edition statement 2nd
260 ## - PUBLICATION, DISTRIBUTION, ETC.
Place of publication, distribution, etc. Chennai
Name of publisher, distributor, etc. Tamil puthakalayam
Date of publication, distribution, etc. 1992
300 ## - PHYSICAL DESCRIPTION
Extent (e.g. Volumes, Pages etc.) 220 p .,
500 ## - GENERAL NOTE
General note Collected papers of Thru. Vi. Ka centenary seminar held in the Dept. of. MIL, Delhi University
942 ## - Koha item type (Biblio)
Koha item type Books in Stacks (Lending)
Holdings
Lost status Damaged status Collection code Home library Current library Shelving location Date acquired Full call number Accession Number Item type
    Lending WERC Library WERC Library Social Science Cupboard 03/31/2024 894.811BAL 1668 Books in Stacks (Lending)

© WERC Library